| 000 | 00688nam a2200241 i 4500 | ||
|---|---|---|---|
| 001 | 47921 | ||
| 003 | ES-MaACL | ||
| 005 | 20250329173411.0 | ||
| 007 | t| | ||
| 008 | 030625s1999 sp ||||1| spa d | ||
| 020 | _a84-922573-9-3 | ||
| 080 | _a1 Marx, Karl | ||
| 100 | 1 |
_aFernández Buey, Francisco. _949526 |
|
| 245 | 1 | 0 |
_aMarx (sin ismos) / _cFrancisco Fernández Buey. |
| 250 | _a2ª ed. rev. | ||
| 260 |
_aBarcelona : _bEl Viejo Topo, _c1999. |
||
| 300 |
_a243 p. ; _c22 cm. |
||
| 490 | 1 | _aEnsayo | |
| 600 | 1 | 4 |
_aMarx, Karl, _d1818-1883- _xCrítica e interpretación _978591 |
| 830 | 0 |
_aEnsayo _9177699 |
|
| 852 |
_aES-MaACL _jL-26465 _bR.131503 |
||
| 999 |
_c47921 _d47921 |
||